Report of the committee on shares of no par value (Record no. 423331)

000 -LEADER
fixed length control field 00340cam a22001097a 4500
008 - FIXED-LENGTH DATA ELEMENTS--GENERAL INFORMATION
fixed length control field 180718b1960 xxu||||| |||| 00| 0 eng d
082 ## - DEWEY DECIMAL CLASSIFICATION NUMBER
Classification number T31x42 Un3p
245 ## - TITLE STATEMENT
Title Report of the committee on shares of no par value
Statement of responsibility, etc. by Board of Trade
260 ## - PUBLICATION, DISTRIBUTION, ETC.
Place of publication, distribution, etc. London
Name of publisher, distributor, etc. Her Majesty's Stationery Office
Date of publication, distribution, etc. 1960
300 ## - PHYSICAL DESCRIPTION
Extent 31p
700 ## - ADDED ENTRY--PERSONAL NAME
Personal name U.K. Board of Trade
Holdings
Withdrawn status Lost status Damaged status Not for loan Permanent Location Current Location Date acquired Full call number Barcode Date last seen Price effective from Koha item type
        Indian Institute of Public Administration Indian Institute of Public Administration 2009-09-02 T31x42 Un3p 25110 2018-07-21 2018-07-21 Book

Powered by Koha